000
00269nam a2200097Ia 4500
082
_a
684.09 BRAY
245
0
_a
Metalworking : tools and techniques
100
_a
BRAY, Stan Ramsbury, 2003
_9
96579
942
_c
BK
008
210817s9999 xx 000 0 und d
999
_c
406286
_d
406285